000 00329nam a22001337a 4500
008 171006b xxu||||| |||| 00| 0 eng d
020 _a2900736064674
041 _aeng
080 _24 ED
_a159.9
100 _a19
101 _aPSI
245 _aFOUNDATION OF SPORT AND EXERCIES PSYCHOLOGY
_cWEINBERG.R.S
942 _2udc
_cBK
999 _c32320
_d32320